Political morality : a theory of liberal democracy (Record no. 235)

MARC details
000 -LEADER
fixed length control field 00440nam a2200169Ia 4500
008 - FIXED-LENGTH DATA ELEMENTS--GENERAL INFORMATION
fixed length control field 240428s9999||||xx |||||||||||||| ||und||
020 ## - INTERNATIONAL STANDARD BOOK NUMBER
International Standard Book Number 0826450660
041 ## - LANGUAGE CODE
Language code of text/sound track or separate title eng
082 ## - DEWEY DECIMAL CLASSIFICATION NUMBER
Classification number 321.8 V
100 ## - MAIN ENTRY--PERSONAL NAME
Personal name Vernon, Richard
245 #0 - TITLE STATEMENT
Title Political morality : a theory of liberal democracy
260 ## - PUBLICATION, DISTRIBUTION, ETC.
Name of publisher, distributor, etc. Continuum
Place of publication, distribution, etc. London
Date of publication, distribution, etc. 2001
300 ## - PHYSICAL DESCRIPTION
Extent vi, 202 p.
650 ## - SUBJECT ADDED ENTRY--TOPICAL TERM
Topical term or geographic name entry element Democracy. - Liberalism. - Political ethics
942 ## - ADDED ENTRY ELEMENTS (KOHA)
Koha item type Books
Holdings
Withdrawn status Lost status Damaged status Not for loan Home library Current library Shelving location Date acquired Total checkouts Full call number Date last seen Copy number Price effective from Koha item type
        Main Library Main Library Open Shelves 16/08/2021   321.8 V 559 C1 - 321.8 V 2031 C2 - 321.8 V 1382 C3 29/04/2024 1 29/04/2024 Books
©2026  Parliament of Ghana Library - All rights reserved